000 00589nam a2200181Ia 4500
008 090201s9999 xx 000 0 und d
010 _aKPL-71151
040 _bमराठी
041 _aमराठी
082 _a49317
_b71151
100 _aसुभाष सुंठणकर
245 _aलग्न घरात चोर
_cसुभाष सुंठणकर
250 _a1
260 _c2005
_bयुनिटी प्रकाशन प्रा. लि.
300 _a166
_bमध्यम
600 _aलग्न घरात चोर
942 _cBOOK
999 _c245900
_d245900